Statistiken für Alle PDC Darts Turniersieger 2003

Klicken Sie hier um das Quiz zu spielen!

Allgemein

  • Dieses Quiz wurde 29 mal gespielt
  • Das Durchschnittsergebnis liegt bei 19 aus 32

Antwortstatistiken

TurnierLandDartsspieler% Korrekt
UK Open Southern Regional FinalEnglandPhil Taylor
94%
Golden Harvest North American CupEnglandPhil Taylor
94%
World Grand PrixEnglandPhil Taylor
94%
World MatchplayEnglandPhil Taylor
94%
Bobby Bourn Memorial TrophyEnglandPhil Taylor
94%
Uk OpenEnglandPhil Taylor
94%
West Tyrone OpenKanadaJohn Part
76%
UK Open South West Regional FinalKanadaJohn Part
76%
Vauxhall Autumn OpenKanadaJohn Part
76%
Windy City OpenKanadaJohn Part
76%
Vauxhall Spring OpenKanadaJohn Part
76%
World Darts ChampionshipKanadaJohn Part
76%
Bob Anderson ClassicEnglandAndy Jenkins
59%
Antwerb OpenEnglandColin Lloyd
59%
Vauxhall Spring ProEnglandColin Lloyd
59%
Le Skratch Montreal OpenEnglandDennis Priestley
59%
Eastbourne ProNiederlandeRoland Scholten
59%
Sunparks MastersNiederlandeRoland Scholten
59%
Open Oust NederlandEnglandTerry Jenkins
59%
UK Open Midlands Regional FinalEnglandPeter Manley
47%
Las Vegas Desert ClassicEnglandPeter Manley
47%
UK Open North East Regional FinalEnglandPeter Manley
47%
PDC Eastbourne OpenEnglandPeter Manley
47%
UK Open Welsh Regional FinalEnglandPeter Manley
47%
Vauxhall Autumn ProEnglandWayne Mardle
47%
UK Open Irish Regional FinalEnglandRonnie Baxter
35%
Irish MastersEnglandRonnie Baxter
35%
Ireland Open Autumn ClassicEnglandMark Dudbridge
24%
UK Open North West Regional FinalEnglandMark Dudbridge
24%
Open HollandEnglandDenis Ovens
12%
Sheppey Darts ClassicEnglandLes Fitton
6%
Oceanic MastersAustralienBarry Jouannett Jnr.
0%

Verteilung der Resultate

Perzentil nach korrekt beantworteten Fragen

Anzahl Personen mit jedem Resultat

Ihre Resultats-Entwicklung

Sie haben dieses Quiz noch nicht gespielt